[Event "GER-ch Seniors 22nd"]
[Site "Berlin"]
[Date "2010.08.22"]
[Round "7"]
[White "Aronov, Robert"]
[Black "Oppermann, Peter"]
[Result "0-1"]
[WhiteElo "1546"]
[BlackElo "1867"]
[PlyCount "52"]
[EventDate "2010.08.16"]
[EventType "swiss"]
[EventRounds "9"]
[EventCountry "GER"]
[SourceTitle "CBM 138 Extra"]
[Source "ChessBase"]
[SourceDate "2010.10.29"]
[SourceVersion "1"]
[SourceVersionDate "2010.10.29"]
[SourceQuality "1"]

1. e4 e6 2. d4 d5 3. e5 c5 4. c3 Nc6 5. Nf3 Nh6 6. Bxh6 gxh6 7. a3 cxd4 8. cxd4 Bg7 9. Nc3 0-0 10. Rb1 f6 11. Bb5 fxe5 12. Bxc6 bxc6 13. Nxe5 Bxe5 14. dxe5 Qg5 15. 0-0 Qxe5 16. Qa4 Qc7 17. Rbc1 Rf4 18. Qd1 Ba6 19. Ne2 Rf6 20. Rc3 Qb6 21. Qc1 Bxe2 22. Rxc6 Qd4 23. Rc8+ Rxc8 24. Qxc8+ Kg7 25. Rc1 Qxf2+ 26. Kh1 Qf1+ 0-1

[Event "GER-ch Seniors 22nd"]
[Site "Berlin"]
[Date "2010.08.18"]
[Round "3"]
[White "Aronov, Robert"]
[Black "Ludwig, Egbert"]
[Result "1-0"]
[WhiteElo "1546"]
[BlackElo "1162"]
[PlyCount "119"]
[EventDate "2010.08.16"]
[EventType "swiss"]
[EventRounds "9"]
[EventCountry "GER"]
[SourceTitle "CBM 138 Extra"]
[Source "ChessBase"]
[SourceDate "2010.10.29"]
[SourceVersion "1"]
[SourceVersionDate "2010.10.29"]
[SourceQuality "1"]

1. e4 e6 2. d4 d5 3. e5 c5 4. c3 Nc6 5. Nf3 Qb6 6. a3 c4 7. Nbd2 Na5 8. Be2 Bd7 9. 0-0 Ne7 10. Qe1 Ng6 11. g3 Be7 12. Bd1 0-0 13. Rb1 f6 14. exf6 Bxf6 15. Bc2 Ne7 16. Ne5 Bxe5 17. Qxe5 Nac6 18. Qh5 Nf5 19. g4 Be8 20. Qh3 Nh6 21. Nf3 Bg6 22. Bxg6 hxg6 23. Kg2 Qd8 24. Bxh6 gxh6 25. Qxh6 Qf6 26. Qh3 Qh8 27. Qxh8+ Kxh8 28. Ng5 Rf6 29. Rbe1 Re8 30. f4 Nd8 31. Kg3 Kg7 32. Re2 Nf7 33. Nxf7 Kxf7 34. Rfe1 b6 35. h4 b5 36. Re5 a6 37. h5 gxh5 38. Rxh5 Rg8 39. Rhe5 Re8 40. f5 a5 41. fxe6+ Rfxe6 42. Rxe6 Rxe6 43. Rxe6 Kxe6 44. Kf4 b4 45. g5 bxa3 46. bxa3 a4 47. Kg4 Ke7 48. Kf5 Kf7 49. g6+ Kg7 50. Kg5 Kg8 51. Kf6 Kf8 52. g7+ Kg8 53. Ke6 Kxg7 54. Kxd5 Kf7 55. Kxc4 Ke6 56. Kb4 Kd5 57. Kxa4 Kc4 58. Ka5 Kd5 59. Kb6 Kd6 60. a4 1-0

[Event "GER-ch Seniors 22nd"]
[Site "Berlin"]
[Date "2010.08.17"]
[Round "2"]
[White "Wawrinsky, Ludwig"]
[Black "Aronov, Robert"]
[Result "1-0"]
[WhiteElo "1751"]
[BlackElo "1546"]
[PlyCount "107"]
[EventDate "2010.08.16"]
[EventType "swiss"]
[EventRounds "9"]
[EventCountry "GER"]
[SourceTitle "CBM 138 Extra"]
[Source "ChessBase"]
[SourceDate "2010.10.29"]
[SourceVersion "1"]
[SourceVersionDate "2010.10.29"]
[SourceQuality "1"]

1. e4 c5 2. d3 Nc6 3. g3 e5 4. Bg2 d6 5. Nc3 h6 6. f4 exf4 7. Bxf4 Nf6 8. h3 Be7 9. Nf3 Nh5 10. Qd2 Nxf4 11. Qxf4 Rb8 12. Nd5 Be6 13. Nxe7 Qxe7 14. 0-0 Nb4 15. e5 d5 16. a3 Nc6 17. c3 0-0 18. Rae1 Qd7 19. Kh2 Ne7 20. g4 Ng6 21. Qg3 b6 22. Nh4 Nxh4 23. Qxh4 Qb5 24. g5 hxg5 25. Qxg5 Qxd3 26. Rf3 Qg6 27. Qe3 Qh6 28. Qe2 a5 29. Rg3 Rfd8 30. Rf1 d4 31. Rf6 d3 32. Qd1 Qh4 33. Qd2 c4 34. Rh6 Qxg3+ 35. Kxg3 gxh6 36. Bf3 Kg7 37. Kh4 Bf5 38. Qf4 Bg6 39. Qxc4 Rbc8 40. Qf4 d2 41. Bd1 b5 42. Qf6+ Kh7 43. Qb6 Rd5 44. e6 Rc4+ 45. Kg3 Rg5+ 46. Kh2 fxe6 47. Qxe6 Be4 48. Qd7+ Rg7 49. Qxd2 Rg2+ 50. Qxg2 Bxg2 51. Kxg2 Rf4 52. Kg3 Rf5 53. Bc2 Kg6 54. Kg4 1-0

[Event "GER-ch Seniors 22nd"]
[Site "Berlin"]
[Date "2010.08.16"]
[Round "1"]
[White "Aronov, Robert"]
[Black "Hoppensack, Manfred"]
[Result "0-1"]
[WhiteElo "1546"]
[BlackElo "1888"]
[PlyCount "72"]
[EventDate "2010.08.16"]
[EventType "swiss"]
[EventRounds "9"]
[EventCountry "GER"]
[SourceTitle "CBM 138 Extra"]
[Source "ChessBase"]
[SourceDate "2010.10.29"]
[SourceVersion "1"]
[SourceVersionDate "2010.10.29"]
[SourceQuality "1"]

1. e4 e6 2. d4 d5 3. e5 c5 4. c3 Nc6 5. Nf3 Qb6 6. a3 Nge7 7. b4 cxd4 8. cxd4 Nf5 9. Bb2 Bd7 10. Be2 Be7 11. 0-0 f6 12. Qd3 a6 13. Nbd2 fxe5 14. dxe5 0-0 15. Nb3 Na7 16. Nbd4 Nxd4 17. Bxd4 Qd8 18. Rfc1 Nb5 19. Bc5 Bxc5 20. Rxc5 b6 21. Rc2 Be8 22. Nd4 Bg6 23. Qe3 Nxd4 24. Rc3 Nc2 25. Rxc2 Bxc2 26. Rc1 Ba4 27. h3 Rc8 28. Re1 Bb5 29. Bg4 Re8 30. f4 d4 31. Qd2 d3 32. Bd1 Qd4+ 33. Kh1 Qc3 34. Qe3 d2 35. Qxc3 Rxc3 36. Rg1 Rc1 0-1